Poisťovňa Otčina - Váš blízky partner Poistenie rizika ujmy na živote a na zdraví

Význam životného poistenia. Životné poistenie ako forma sporenia. Produkty, ktoré poskytuje poisťovňa Otčina, a.s., v rámci životného poistenia. Pripoistenie k životnému poisteniu.

Saved in:
Bibliographic Details
Main Author: Mocker, P.
Format: Book Chapter
Language:Slovak
Subjects:
Tags: Add Tag
No Tags, Be the first to tag this record!

MARC

LEADER 00000naa a2200000 4500
001 r028158
005 20230925122143.9
041 0 |a slo 
044 |a SK 
245 1 0 |a Poisťovňa Otčina - Váš blízky partner  |b Poistenie rizika ujmy na živote a na zdraví  |c P. Mocker 
520 |a Význam životného poistenia. Životné poistenie ako forma sporenia. Produkty, ktoré poskytuje poisťovňa Otčina, a.s., v rámci životného poistenia. Pripoistenie k životnému poisteniu. 
610 2 0 |a poistenie 
610 2 0 |a poisťovne 
610 2 0 |a Otčina, a.s. Bratislava 
610 2 0 |a poistenie životné 
100 1 |a Mocker, P.